Statistics for Top 10 Countries in Paper Recycling

Click here to take the quiz!

General Stats

  • This quiz has been taken 170 times
  • The average score is 8 of 10

Answer Stats

Rank.Country% Correct
6.Germany
93%
5.United States
93%
2.Sweden
87%
7.Finland
84%
10.France
84%
9.Norway
83%
8.Japan
76%
4.Netherlands
71%
1.Switzerland
66%
3.Austria
61%

Score Distribution

Percentile by Number Answered

Percent of People with Each Score

Your Score History

You have not taken this quiz